000 00614nam a22002297a 4500
003 UA-OsUOA
001 23596
007 ta
008 20040126b un ||||| |||| 00| 0 ukr d
090 _a311.311(6)
_bА94
942 _cBK
040 _aUA-OsUOA
_brus
_cUA-OsUOA
_dUA-OsUOA
245 _aАфрика в цифрах
_bСтатистический справочник
_cРед. Л.В.Гончаров
300 _a422 с.
_bІлюстрації
955 _a0
041 _arus
080 _a311.311(6)
260 _aМосква
_bНаука
_c1986
044 _aRU
650 7 _2UDC
999 _c309848
_d309848